000 00505nam a22001697a 4500
999 _c64536
_d64536
005 20190906185119.0
010 _aB-164298
020 _a8173052212
_c 490.00
035 _aB-164297
035 _aB-164298
037 _aDPL
_bENG
245 _aSri Shiva Lila :
_bThe play of the divine in the form of Lord Shiva /
_cnarrated by Vanamali
260 _aNew Delhi
_bAryan Books International
_c2002
300 _axiii, 211p.
_c22 cms.
700 _aVanamali
942 _2ddc
_cEN
_h230.1
_mSHR